Potravinová bezpečnosť SR a jej prístup k jej hodnoteniu vo vybraných krajinách EU

Zodpovedanie vybraných otázok súvisiacich s potravinovou bezpečnosťou, prístupy k jej hodnoteniu podľa vybraných ukazovateľov. Potravinová sebestačnosť SR je pod úrovňou 50 % a patrí medzi najnižšie v EÚ. Rozhodujúca úloha svetového poľnohospodárstva a zabezpečenie potravinovej bezpečnosti všetkých...

Ausführliche Beschreibung

Gespeichert in:
Bibliographische Detailangaben
1. Verfasser: Andrejovský, Pavol, 1975-
Weitere Verfasser: Lacko, Roman, 1988-, Gajdoš, Jozef, 1962-2025
Format: Buchkapitel
Sprache:Slowakisch
Schlagworte:
Tags: Tag hinzufügen
Keine Tags, Fügen Sie das erste Tag hinzu!

MARC

LEADER 00000naa$a2200000$$$4500
001 0271319
005 20240502074251.9
041 0 |a slo 
044 |a SK 
245 1 0 |a Potravinová bezpečnosť SR a jej prístup k jej hodnoteniu vo vybraných krajinách EU  |c Pavol Andrejovský, Roman Lacko, Jozef Gajdoš 
520 |a Zodpovedanie vybraných otázok súvisiacich s potravinovou bezpečnosťou, prístupy k jej hodnoteniu podľa vybraných ukazovateľov. Potravinová sebestačnosť SR je pod úrovňou 50 % a patrí medzi najnižšie v EÚ. Rozhodujúca úloha svetového poľnohospodárstva a zabezpečenie potravinovej bezpečnosti všetkých krajín. 
610 2 0 |a sebestačnosť potravinová 
610 2 0 |a bezpečnosť potravinová 
610 2 0 |a poľnohospodárstvo 
610 2 0 |a potraviny 
100 1 |a Andrejovský, Pavol, 1975- 
700 1 |a Lacko, Roman, 1988- 
700 1 |a Gajdoš, Jozef, 1962-2025